Vista normal
Vista MARC
Entrada Materia (personas)
Número de registros utilizados en: 3
001 - CONTROL NUMBER
- control field: 128233
003 - CONTROL NUMBER IDENTIFIER
- control field: Co-BoUCM
005 - DATE AND TIME OF LATEST TRANSACTION
- control field: 20211020104905.0
008 - FIXED-LENGTH DATA ELEMENTS
- fixed length control field: 211020|| aca||aabn | a|a d
040 ## - CATALOGING SOURCE
- Original cataloging agency: Co-BoUCM
- Transcribing agency: Co-BoUCM
100 ## - HEADING--PERSONAL NAME
- Personal name: Rohde Ponce, Andrés
670 ## - SOURCE DATA FOUND
- Source citation: Work cat.: (Co-BoUCM)39689: Memorias encuentro iberoamericano de derecho aduanero (2o 2006 may .25 y 26 Montevideo, Uruguay) 128232, Segundo encuentro iberoamericano de derecho aduanero, 2006